000 00964nam a22002777a 4500
001 62283
003 UA-OsUOA
005 20220511115323.0
007 ta
008 20090818b un ||||| |||| 00| 0 ukr d
040 _aUA-OsUOA
_brus
_cUA-OsUOA
_dUA-OsUOA
041 _arus
080 _a94(47+57)
090 _a94(47+57)
_bА72
100 _aАнтонов В.
245 _aИстория СССР. С дервнейших времен до 1861 г.
_cВ. Антонов, И. Седов, Ю. Тихонов и др.
260 _aМ.
_bГосполитиздат
_c1956
300 _a896 с.
505 _gТ. 1.
_tПервобытно-общинный и рабовладельческий строй. Период феодализма
650 7 _a94 Історія
_2UDC
700 _aСедов И.
700 _aТихонов Ю.
942 _cBK
_2udc
955 _a2
999 _c348372
_d348372